00241nam a2200085Ia 4500008004100000100002000041245003700061260004800098260000900146170620s9999 xx 000 0 und d aKreps- David M. 2aA Course in Microeconomic Theory bNew Delhi- Prentice Hall of India Pvt. Ltd. c1999